Mathematical methods in chemical engineering (Record no. 25039)

000 -LEADER
fixed length control field 00548nam a22002051 4500
001 - CONTROL NUMBER
control field 25039
003 - CONTROL NUMBER IDENTIFIER
control field BD-DhUET
008 - FIXED-LENGTH DATA ELEMENTS--GENERAL INFORMATION
fixed length control field 730313s1963 xx 000 0 eng
040 ## - CATALOGING SOURCE
Original cataloging agency DLC
Transcribing agency OClU
Modifying agency BD-DhUET
082 ## - DEWEY DECIMAL CLASSIFICATION NUMBER
Classification number 660.28
Item number JEN/1963
100 ## - MAIN ENTRY--PERSONAL NAME
Personal name Jenson, V. G.
245 10 - TITLE STATEMENT
Title Mathematical methods in chemical engineering
250 ## - EDITION STATEMENT
Edition statement 1st ed.
260 ## - PUBLICATION, DISTRIBUTION, ETC. (IMPRINT)
Place of publication, distribution, etc. London
Name of publisher, distributor, etc. Academic Press
Date of publication, distribution, etc. 1963
300 ## - PHYSICAL DESCRIPTION
Extent xi, 556 p.
Other physical details illus.
Dimensions 24cm.
504 ## - BIBLIOGRAPHY, ETC. NOTE
Bibliography, etc Includes bibliographies
650 #0 - SUBJECT ADDED ENTRY--TOPICAL TERM
Topical term or geographic name as entry element Chemical engineering
700 ## - ADDED ENTRY--PERSONAL NAME
Personal name Jeffreys, G. V.
942 ## - ADDED ENTRY ELEMENTS (KOHA)
Koha item type General Book
Holdings
Koha full call number Price effective from Not for loan Sublocation or collection (holding branch) Koha item type Source of classification or shelving scheme Damaged status Date acquired Withdrawn status Shelving location Copy number Koha date last seen Koha normalized classification for sorting Lost status Piece designation (barcode) Location (home branch)
660.28/JEN/19632015-05-12 Central Library, BUETGeneral Book  2015-05-12 Circulation section12015-05-12660_280000000000000_JEN_1963 22438Central Library, BUET
660.28/JEN/19632015-05-12 Central Library, BUETGeneral Book  2015-05-12 Circulation section22015-05-12660_280000000000000_JEN_1963 22440Central Library, BUET
660.28/JEN/19632015-05-12 Central Library, BUETGeneral Book  2015-05-12 Circulation section32015-05-12660_280000000000000_JEN_1963 22434Central Library, BUET
660.28/JEN/19632015-05-18 Central Library, BUETGeneral Book  2015-05-18 Circulation section42015-05-18660_280000000000000_JEN_1963 22432Central Library, BUET
660.28/JEN/19632015-05-18 Central Library, BUETGeneral Book  2015-05-18 Circulation section52015-05-18660_280000000000000_JEN_1963 22435Central Library, BUET
660.28/JEN/19632015-05-18 Central Library, BUETGeneral Book  2015-05-18 Circulation section62015-05-18660_280000000000000_JEN_1963 29450Central Library, BUET
660.28/JEN/19632015-05-18 Central Library, BUETGeneral Book  2015-05-18 Circulation section72015-05-18660_280000000000000_JEN_1963 29449Central Library, BUET
660.28/JEN/19632015-05-18 Central Library, BUETGeneral Book  2015-05-18 Circulation section82015-05-18660_280000000000000_JEN_1963 29448Central Library, BUET
660.28/JEN/19632015-05-18 Central Library, BUETGeneral Book  2015-05-18 Circulation section92015-05-18660_280000000000000_JEN_1963 29457Central Library, BUET
660.28/JEN/19632015-05-18 Central Library, BUETGeneral Book  2015-05-18 Circulation section102015-05-18660_280000000000000_JEN_1963 29454Central Library, BUET
660.28/JEN/19632015-05-18 Central Library, BUETGeneral Book  2015-05-18 Circulation section112015-05-18660_280000000000000_JEN_1963 29453Central Library, BUET
660.28/JEN/19632015-05-18 Central Library, BUETGeneral Book  2015-05-18 Circulation section122015-05-18660_280000000000000_JEN_1963 29451Central Library, BUET
660.28/JEN/19632015-05-18 Central Library, BUETGeneral Book  2015-05-18 Circulation section132015-05-18660_280000000000000_JEN_1963 22431Central Library, BUET
660.28/JEN/19632015-05-18 Central Library, BUETGeneral Book  2015-05-18 Circulation section142015-05-18660_280000000000000_JEN_1963 29452Central Library, BUET
660.28/JEN/19632015-05-18 Central Library, BUETGeneral Book  2015-05-18 Circulation section152015-05-18660_280000000000000_JEN_1963 22436Central Library, BUET
660.28/JEN/19632015-06-17 Central Library, BUETReading Item  2015-06-17 Reading section162015-06-17660_280000000000000_JEN_1963 29456Central Library, BUET
660.28/JEN/19632015-06-18 Central Library, BUETReading Item  2015-06-18 Reading section172015-06-18660_280000000000000_JEN_1963 29455.Central Library, BUET
660.28/JEN/19632015-07-10 Central Library, BUETReading Item  2015-07-10 Reading section182015-07-10660_280000000000000_JEN_1963 22439Central Library, BUET